Riconosci il Pokémon - Quiz n°237 - Statistics

Statistiche generali
  • Questo quiz è stato fatto 1 volte
  • Il punteggio medio è 6 su 10
Statistiche sulle risposte
Indizio Risposta % Corretto
Tasso di cattura 30 (8.8%)
100%
Peso 68,0 kg
100%
Abilità Corpodifuoco; Spiritovivo
100%
Tipo Fuoco
100%
Generazione Quarta
100%
Stadio evoluzione Seconda evoluzione
100%
Altezza 1,6 m
0%
Sesso 75% ♂, 25% ♀
0%
Pokémon Magmortar
0%
Tasso di allevamento Medio-Veloce
0%
Nessun quiz corrispondente trovato
Distribuzione punteggi
Percentuale di utenti per punteggio
Percentile per numero di risposta
I tuoi punteggi nel tempo
Non hai fatto questo quiz